The Collected Works of Dr. Subramanian Swamy/ (Record no. 208979)

MARC details
000 -LEADER
fixed length control field 00659nam a22001937a 4500
005 - DATE AND TIME OF LATEST TRANSACTION
control field 20250213125404.0
010 ## - LCCN (DPL NO)
LC control number ENG-143742
020 ## - INTERNATIONAL STANDARD BOOK NUMBER
International Standard Book Number 9788119798551
Terms of availability 1250.00
035 ## - SYSTEM CONTROL NUMBER
System control number EN-127274
037 ## - SOURCE OF ACQUISITION
Source of stock number/acquisition DBAD
082 ## - DEWEY DECIMAL CLASSIFICATION NUMBER
Classification number 921
100 ## - MAIN ENTRY--PERSONAL NAME
Personal name Swamy, Subramanian
245 ## - TITLE STATEMENT
Title The Collected Works of Dr. Subramanian Swamy/
Statement of responsibility, etc by Subramanian Swamy; edited by T.K Swaminathan
260 ## - PUBLICATION, DISTRIBUTION, ETC. (IMPRINT)
Place of publication, distribution, etc Delhi
Name of publisher, distributor, etc Har-Aanand Publication
Date of publication, distribution, etc 2024
270 ## - ADDRESS
Address E-49/3, Okhla Industrial Area, Phase-2
City Delhi
Postal code 110020
Telephone number 41603490
Electronic mail address haranand@rediffmail.com
300 ## - PHYSICAL DESCRIPTION
Extent 402p.
Dimensions 24cm (Hb)
700 ## - ADDED ENTRY--PERSONAL NAME
Personal name Swaminathan, T.K
9 (RLIN) 77485
942 ## - ADDED ENTRY ELEMENTS (KOHA)
Item type English Books
Source of classification or shelving scheme Dewey Decimal Classification
Classification part 921
Call number suffix COl
Holdings
Withdrawn status Lost status Not for loan Collection code Home library Current library Date acquired Source of acquisition Cost, normal purchase price Full call number Barcode Copy number Cost, replacement price Koha item type
      Non-fiction Central Library Central Library 11/02/2025 DBAD 1250.00 921 COl EN-127274 1 1250.00 English Books

© Delhi Public Library
Hit Counter
free hit counter